000 00868nam a2200253Ia 4500
003 OSt
005 20220923220734.0
006 a|||||r|||| 00| 0
007 ta
008 220922b |||||||| |||| 00| 0 hin d
024 _a189,785
037 _cTextual
040 _aARTS
_cARTS
_bhin
041 _2hin
_ahin
082 _aO152,2N365:g, M4
100 _aकेदार नाथ सिंह, संपा.
_9160210
245 0 _aनाटककार डा चन्द्र
246 _aNāṭakakār ḍā0 chandra
260 _aनई दिल्ली
_b प्रकाशन संस्थान
_c1984
300 _a151पृ.
_ccm.
650 _aहिन्दी साहित्य
_9156264
942 _hO152,2N365:g, M4
_cTEXL
_2CC
999 _c342612
_d342612